[Event "FIDE World Bl Team 5-8th"]
[Site "London ENG"]
[Date "2025.06.15"]
[Round "1.2"]
[White "Bluebaum, Matthias"]
[Black "Anton Guijarro, David"]
[Result "1-0"]
[WhiteTitle "GM"]
[BlackTitle "GM"]
[WhiteElo "2663"]
[BlackElo "2642"]
[WhiteTeam "C2 Germany and Friends"]
[BlackTeam "D1 Team MGD1"]
[WhiteFideId "24651516"]
[BlackFideId "2285525"]
[EventDate "2025.06.15"]
[EventType "team-k.o. (blitz)"]

1. d4 Nf6 2. c4 e6 3. Nc3 Bb4 4. e3 Nc6 5. Bd2 O-O 6. Nf3 d6 7. Qc2 e5 8. a3
exd4 9. exd4 Re8+ 10. Be3 Bxc3+ 11. Qxc3 d5 12. c5 Bg4 13. Be2 Ne4 14. Qd3 b6
15. cxb6 axb6 16. O-O Na5 17. Qc2 c5 18. dxc5 bxc5 19. Rfd1 d4 20. Nxd4 cxd4 21.
Rxd4 Qc8 22. Qxc8 Bxc8 23. Bb5 Bb7 24. Bxe8 Nb3 25. Bxf7+ Kxf7 26. Rd7+ Ke6 27.
Rad1 Bc6 28. Rxg7 Nf6 29. Bg5 Ne4 30. h4 Nxg5 31. hxg5 Rh8 32. Rd3 Bd5 33. Rh3
Nd4 34. g6 Nf5 35. Rgxh7 Rg8 36. g7 Kf6 37. b4 Be4 38. Rh8 Rxg7 39. f3 Bd5 40.
Kf2 Rc7 41. Ke2 Rc2+ 42. Kd3 Rxg2 43. Rf8+ Ke6 44. Rh5 Ne7 45. Re8 Bc6 46. Rh6+
Kf5 47. Rxe7 1-0

[Event "FIDE World Bl Team 5-8th"]
[Site "London ENG"]
[Date "2025.06.15"]
[Round "1.2"]
[White "Pranav, V"]
[Black "Svane, Frederik"]
[Result "0-1"]
[WhiteTitle "GM"]
[BlackTitle "GM"]
[WhiteElo "2595"]
[BlackElo "2667"]
[WhiteTeam "D1 Team MGD1"]
[BlackTeam "C2 Germany and Friends"]
[WhiteFideId "25060783"]
[BlackFideId "12923044"]
[EventDate "2025.06.15"]
[EventType "team-k.o. (blitz)"]

1. a3 h6 2. Nf3 d5 3. e3 Bf5 4. c4 e6 5. Qb3 b6 6. Nc3 Nf6 7. d4 Bd6 8. Bd2 c6
9. Be2 O-O 10. O-O Nbd7 11. Rac1 a6 12. a4 Qe7 13. Rfd1 dxc4 14. Bxc4 b5 15.
axb5 cxb5 16. Be2 Rfc8 17. h3 Nb6 18. Ne5 Bxe5 19. dxe5 Ne4 20. Nxe4 Bxe4 21. f3
Bd5 22. Qb4 Qb7 23. Rxc8+ Rxc8 24. Rc1 Bc4 25. Kf2 Bxe2 26. Rxc8+ Qxc8 27. Kxe2
Nc4 28. Bc3 Qc7 29. e4 Nxe5 30. Qd4 f6 31. b3 Kf7 32. Qd2 Nc6 33. Qd3 Ke7 34.
Qe3 Kd7 35. Qc5 Ne5 36. Qd4+ Kc8 37. Qe3 Kb7 38. Qd4 Nc6 39. Qc5 Qe7 40. Qe3 Qd6
41. h4 e5 42. h5 a5 43. Kf2 Qa3 44. Bd2 Qb2 45. Kg3 Qd4 46. Qe2 Ka6 47. Be3 Qc3
48. Kg4 Qxb3 49. Qd2 Qe6+ 50. Kh4 a4 51. Bc5 Kb7 52. Qd3 Ka6 53. Qd2 Qc8 54. Qd6
Qb7 55. Qd3 Ka5 56. Qd5 Ka6 57. Qd3 Ka5 58. Qd5 b4 59. Bf8+ Qb5 60. Qd6 a3 61.
Qc7+ Ka4 62. Qxg7 a2 0-1

[Event "FIDE World Bl Team 5-8th"]
[Site "London ENG"]
[Date "2025.06.15"]
[Round "1.2"]
[White "Wagner, Dinara"]
[Black "Tsolakidou, Stavroula"]
[Result "0-1"]
[WhiteTitle "IM"]
[BlackTitle "IM"]
[WhiteElo "2404"]
[BlackElo "2428"]
[WhiteTeam "C2 Germany and Friends"]
[BlackTeam "D1 Team MGD1"]
[WhiteFideId "24157570"]
[BlackFideId "4264312"]
[EventDate "2025.06.15"]
[EventType "team-k.o. (blitz)"]

1. d4 Nf6 2. c4 e6 3. Nc3 Bb4 4. e3 b6 5. Ne2 Ne4 6. Qc2 Bb7 7. a3 Bxc3+ 8. Nxc3
Nxc3 9. Qxc3 O-O 10. h4 d6 11. b3 Nd7 12. Bb2 Qe7 13. f3 e5 14. O-O-O a5 15. Bd3
f5 16. Bc2 c5 17. dxe5 dxe5 18. f4 Rae8 19. Rd2 exf4 20. exf4 Nf6 21. Bxf5 Be4
22. Bh3 Bg6 23. Qe5 Qf7 24. Qd6 Ne4 25. Qd5 Nxd2 26. Qxd2 Qxf4 27. Qxf4 Rxf4 28.
Rd1 Rf2 29. Rd7 Re1+ 0-1

[Event "FIDE World Bl Team 5-8th"]
[Site "London ENG"]
[Date "2025.06.15"]
[Round "1.2"]
[White "Atharvaa P Tayade"]
[Black "Lobkin, Bohdan"]
[Result "0-1"]
[WhiteElo "1956"]
[BlackElo "1900"]
[WhiteTeam "D1 Team MGD1"]
[BlackTeam "C2 Germany and Friends"]
[WhiteFideId "25042955"]
[BlackFideId "34115552"]
[EventDate "2025.06.15"]
[EventType "team-k.o. (blitz)"]

1. e4 e5 2. Nf3 Nc6 3. Bb5 a6 4. Ba4 Bc5 5. O-O Nge7 6. c3 Ba7 7. d4 Ng6 8. Bxc6
dxc6 9. Nxe5 Nxe5 10. dxe5 Qe7 11. Qh5 O-O 12. Nd2 g6 13. Qe2 Qxe5 14. Nf3 Qe7
15. h3 f6 16. Bf4 Be6 17. Rfe1 Rad8 18. b3 Rd7 19. Bh6 Re8 20. Rad1 Bd5 21. Qc2
Bf7 22. e5 Rxd1 23. Qxd1 fxe5 24. Rxe5 Qd6 25. Qe2 Re6 26. Bf4 Qe7 27. Kh2 Bc5
28. Rxe6 Qxe6 29. Qd2 Qd5 30. Bxc7 Qxd2 31. Nxd2 Bxf2 32. Ne4 Be3 33. c4 b5 34.
Nd6 Bf4+ 35. g3 Bxd6 36. Bxd6 bxc4 37. bxc4 Bxc4 38. a3 Kf7 39. Kg2 Ke6 40. Bb4
Kd5 41. Kf3 Kd4 42. Kf2 c5 43. Ba5 Be6 44. g4 Kd3 45. Ke1 Bb3 46. h4 c4 47. g5
c3 48. Bb4 Kc2 49. Ke2 Bc4+ 50. Ke3 Kb2 51. Kd4 0-1

[Event "FIDE World Bl Team 5-8th"]
[Site "London ENG"]
[Date "2025.06.15"]
[Round "1.3"]
[White "Keymer, Vincent"]
[Black "Erigaisi, Arjun"]
[Result "0-1"]
[WhiteTitle "GM"]
[BlackTitle "GM"]
[WhiteElo "2730"]
[BlackElo "2782"]
[WhiteTeam "C2 Germany and Friends"]
[BlackTeam "D1 Team MGD1"]
[WhiteFideId "12940690"]
[BlackFideId "35009192"]
[EventDate "2025.06.15"]
[EventType "team-k.o. (blitz)"]

1. c4 b6 2. d4 Bb7 3. Nc3 e6 4. a3 Nf6 5. Bf4 Be7 6. e3 O-O 7. Nf3 Nh5 8. Bg3 d6
9. d5 e5 10. Nd2 g6 11. Be2 Nxg3 12. hxg3 Kg7 13. g4 Nd7 14. Nde4 a6 15. Qc2 c6
16. dxc6 Bxc6 17. Rd1 Qc7 18. b3 b5 19. Qd2 Rad8 20. cxb5 axb5 21. Nd5 Bxd5 22.
Qxd5 Nb6 23. Qd2 d5 24. Nc3 b4 25. Nb5 Qc6 26. a4 h6 27. Rc1 Qe6 28. a5 Nc8 29.
O-O d4 30. Qc2 dxe3 31. fxe3 Bg5 32. Qe4 Qxb3 33. Qxe5+ Kh7 34. Rb1 Qxe3+ 35.
Qxe3 Bxe3+ 36. Kh1 Bc5 37. Rfc1 Rd5 38. Bf3 Re5 39. a6 f5 40. a7 Nxa7 41. Nxa7
fxg4 42. Bxg4 Rf4 43. Bh3 g5 44. Nc6 Rd5 45. Rd1 Rxd1+ 46. Rxd1 b3 47. g3 Rf2
48. Ne5 b2 49. Nc4 h5 50. Be6 g4 51. Rb1 Bd4 52. Nxb2 Bxb2 53. Rd1 Be5 54. Rd5
Re2 55. Kg1 Kh6 56. Bf7 Re3 57. Kh1 Kg5 58. Ra5 Re2 59. Rb5 h4 60. gxh4+ Kxh4
61. Bc4 Re3 62. Kg2 Bd4 63. Rb3 Re1 64. Bf1 Rc1 65. Be2 Rg1+ 0-1

[Event "FIDE World Bl Team 5-8th"]
[Site "London ENG"]
[Date "2025.06.15"]
[Round "1.3"]
[White "Harikrishna, Pentala"]
[Black "Svane, Rasmus"]
[Result "1-0"]
[WhiteTitle "GM"]
[BlackTitle "GM"]
[WhiteElo "2707"]
[BlackElo "2626"]
[WhiteTeam "D1 Team MGD1"]
[BlackTeam "C2 Germany and Friends"]
[WhiteFideId "5007003"]
[BlackFideId "4657101"]
[EventDate "2025.06.15"]
[EventType "team-k.o. (blitz)"]

1. c4 c6 2. Nf3 d5 3. g3 Nf6 4. Bg2 g6 5. b3 Bg7 6. Bb2 O-O 7. O-O Re8 8. d3 Bg4
9. Nbd2 Nbd7 10. h3 Bxf3 11. Nxf3 Rc8 12. Rc1 e6 13. b4 Qe7 14. Qb3 a6 15. Rfd1
Red8 16. a3 Ne8 17. e4 dxe4 18. dxe4 e5 19. c5 Nf8 20. h4 Rb8 21. Bh3 Nc7 22.
Rxd8 Rxd8 23. Rd1 Rxd1+ 24. Qxd1 Ne8 25. Kg2 h5 26. Qa1 f6 27. Qa2+ Kh7 28. Qc4
Nc7 29. Qd3 Nce6 30. Nd2 Qf7 31. Nc4 Qe7 32. Nd6 Nd8 33. Nc8 Qc7 34. Qd6 Qxd6
35. Nxd6 a5 36. bxa5 Bh6 37. Bc3 Bc1 38. Bb4 Nfe6 39. Nxb7 f5 40. Nxd8 Nxd8 41.
a6 Ne6 42. Ba5 1-0

[Event "FIDE World Bl Team 5-8th"]
[Site "London ENG"]
[Date "2025.06.15"]
[Round "1.3"]
[White "Bluebaum, Matthias"]
[Black "Anton Guijarro, David"]
[Result "0-1"]
[WhiteTitle "GM"]
[BlackTitle "GM"]
[WhiteElo "2663"]
[BlackElo "2642"]
[WhiteTeam "C2 Germany and Friends"]
[BlackTeam "D1 Team MGD1"]
[WhiteFideId "24651516"]
[BlackFideId "2285525"]
[EventDate "2025.06.15"]
[EventType "team-k.o. (blitz)"]

1. d4 d5 2. c4 e6 3. Nc3 c6 4. Nf3 dxc4 5. e4 b5 6. Qc2 Bb7 7. Be2 Nf6 8. O-O
Nbd7 9. b3 cxb3 10. axb3 Be7 11. e5 Nd5 12. Nxd5 cxd5 13. Bxb5 O-O 14. Bd2 a5
15. Rfc1 Rc8 16. Qa2 Rxc1+ 17. Rxc1 Bb4 18. Bxb4 axb4 19. Qa4 Nb8 20. Qxb4 h6
21. Qc5 Qa5 22. Bd3 Qxc5 23. Rxc5 Nc6 24. Bb5 Nb4 25. Rc7 Rb8 26. h4 Ba6 27. Bd7
g6 28. h5 gxh5 29. Nh4 Bd3 30. f4 Nc2 31. f5 Nxd4 32. fxe6 fxe6 33. Nf3 Nxf3+
34. gxf3 Bf5 35. Rc8+ Rxc8 36. Bxc8 Kf7 37. Kf2 d4 38. Ba6 h4 39. Be2 Ke7 40. f4
Bc2 41. b4 d3 42. Bg4 d2 43. Kg2 d1=Q 44. Bxd1 Bxd1 45. Kh3 Be2 46. Kxh4 Kf7 47.
Kg3 Kg6 48. Kf2 Bb5 49. Ke3 Kf5 50. Kd4 Kxf4 51. Kc5 Bd3 52. Kd4 Bf1 53. Kc5
Kxe5 0-1

[Event "FIDE World Bl Team 5-8th"]
[Site "London ENG"]
[Date "2025.06.15"]
[Round "1.3"]
[White "Pranav, V"]
[Black "Svane, Frederik"]
[Result "1/2-1/2"]
[WhiteTitle "GM"]
[BlackTitle "GM"]
[WhiteElo "2595"]
[BlackElo "2667"]
[WhiteTeam "D1 Team MGD1"]
[BlackTeam "C2 Germany and Friends"]
[WhiteFideId "25060783"]
[BlackFideId "12923044"]
[EventDate "2025.06.15"]
[EventType "team-k.o. (blitz)"]

1. Nf3 d5 2. g3 Bg4 3. Bg2 Nd7 4. O-O e6 5. d3 c6 6. Nbd2 Bc5 7. e4 Ne7 8. Qe2
O-O 9. Re1 a5 10. h3 Bh5 11. Nf1 Ne5 12. N1h2 Nxf3+ 13. Nxf3 a4 14. a3 Qb6 15.
g4 dxe4 16. dxe4 Bg6 17. Ne5 Rad8 18. Nd3 Bd4 19. c3 Bc5 20. Nxc5 Qxc5 21. Be3
Qa5 22. f4 f6 23. Qc4 Bf7 24. Rad1 Ng6 25. Qc5 Qxc5 26. Bxc5 Rfe8 27. Be3 e5 28.
f5 Nf4 29. Bb6 Rxd1 30. Rxd1 Bb3 31. Rd7 Bc2 32. Rxb7 Nxg2 33. Kxg2 Bxe4+ 34.
Kf2 h5 35. Be3 hxg4 36. hxg4 Rd8 37. Rb4 Bc2 38. Rc4 Rd6 39. Rb4 Rd7 40. Rb6 Be4
41. Ra6 Rd1 42. Rxa4 Bd5 43. Rb4 Kh7 44. a4 Ra1 45. g5 fxg5 46. Bxg5 Kg8 47. f6
gxf6 48. Bxf6 e4 49. Bd4 Kf7 50. Bb6 Ke6 51. a5 Kf5 52. Rd4 Ra2 53. Rd2 Bc4 54.
Ke3 Bd3 55. Rh2 Ke5 56. Bd4+ Kd5 57. Rh5+ Ke6 58. Rh6+ Kd5 59. Rh8 Kc4 60. Rc8
Rxa5 61. Rxc6+ Kb3 62. Rb6+ Rb5 63. Rxb5+ Bxb5 64. Kxe4 Bc4 1/2-1/2

[Event "FIDE World Bl Team 5-8th"]
[Site "London ENG"]
[Date "2025.06.15"]
[Round "1.3"]
[White "Wagner, Dinara"]
[Black "Tsolakidou, Stavroula"]
[Result "1-0"]
[WhiteTitle "IM"]
[BlackTitle "IM"]
[WhiteElo "2404"]
[BlackElo "2428"]
[WhiteTeam "C2 Germany and Friends"]
[BlackTeam "D1 Team MGD1"]
[WhiteFideId "24157570"]
[BlackFideId "4264312"]
[EventDate "2025.06.15"]
[EventType "team-k.o. (blitz)"]

1. d4 Nf6 2. c4 g6 3. Nc3 Bg7 4. e4 d6 5. Nf3 O-O 6. Be2 e5 7. d5 a5 8. Be3 Ng4
9. Bg5 f6 10. Bh4 Na6 11. Nd2 Nh6 12. f3 g5 13. Bf2 f5 14. h3 Nc5 15. Be3 f4 16.
Bf2 Nf7 17. Nb3 b6 18. h4 gxh4 19. Nxc5 bxc5 20. Bxh4 Bf6 21. Bf2 Kh8 22. Qc2
Rg8 23. Rh2 Bd7 24. O-O-O Rg7 25. Rdh1 Qe7 26. Bd1 Rag8 27. Qe2 h6 28. Ba4 Bxa4
29. Nxa4 Rxg2 30. Qf1 Rxh2 31. Rxh2 Qd7 32. Nc3 Rg6 33. Nb5 Bd8 34. Kd1 Kg7 35.
Ke2 Ng5 36. Be1 a4 37. Qh1 Nh7 38. Bf2 c6 39. dxc6 Qxc6 40. Qd1 Ng5 41. Qc2 Qd7
42. Qd3 Nh3 43. Bxc5 Bh4 44. Bxd6 Kf7 45. Bc5 Qxd3+ 46. Kxd3 Bg3 47. Rxh3 1-0

[Event "FIDE World Bl Team 5-8th"]
[Site "London ENG"]
[Date "2025.06.15"]
[Round "1.3"]
[White "Atharvaa P Tayade"]
[Black "Lobkin, Bohdan"]
[Result "1-0"]
[WhiteElo "1956"]
[BlackElo "1900"]
[WhiteTeam "D1 Team MGD1"]
[BlackTeam "C2 Germany and Friends"]
[WhiteFideId "25042955"]
[BlackFideId "34115552"]
[EventDate "2025.06.15"]
[EventType "team-k.o. (blitz)"]

1. e4 d5 2. exd5 Qxd5 3. Nc3 Qe5+ 4. Be2 Bg4 5. d4 Bxe2 6. Ngxe2 Qa5 7. O-O Nf6
8. a4 e6 9. Bf4 Bd6 10. Bxd6 cxd6 11. Nb5 Qd8 12. c3 O-O 13. Ng3 a6 14. Na3 Nbd7
15. Re1 Re8 16. Nc2 Qb6 17. Rb1 Rac8 18. Ne3 Nf8 19. h4 e5 20. d5 Ng6 21. Ngf5
h5 22. Qf3 Rcd8 23. b4 Qc7 24. c4 a5 25. bxa5 Ra8 26. Rb6 Rxa5 27. Rxd6 Nxh4 28.
Qg3 Ng6 29. Qh3 Nf4 30. Qh4 Ng6 31. Qh2 Ne4 32. Rxg6 fxg6 33. Nh4 Rxa4 34. Nxg6
Qf7 35. f3 Qxg6 36. fxe4 Qxe4 37. Qxh5 Rf8 38. d6 Qd4 39. Qg6 e4 40. Qe6+ Kh8
41. Qh3+ Kg8 42. Rd1 Qc5 43. d7 Ra3 44. d8=Q Rxe3 1-0

[Event "FIDE World Bl Team 5-8th"]
[Site "London ENG"]
[Date "2025.06.15"]
[Round "2.1"]
[White "Sevian, Samuel"]
[Black "Erigaisi, Arjun"]
[Result "1/2-1/2"]
[WhiteTitle "GM"]
[BlackTitle "GM"]
[WhiteElo "2687"]
[BlackElo "2782"]
[WhiteTeam "B1 Freedom"]
[BlackTeam "D1 Team MGD1"]
[WhiteFideId "2040506"]
[BlackFideId "35009192"]
[EventDate "2025.06.15"]
[EventType "team-k.o. (blitz)"]

1. e4 c5 2. Nf3 e6 3. d4 cxd4 4. Nxd4 Nc6 5. Nc3 Nf6 6. Be2 d6 7. Be3 Be7 8. Qd2
a6 9. O-O-O Nxd4 10. Qxd4 e5 11. Qb6 Qxb6 12. Bxb6 Be6 13. Kb1 Rc8 14. f3 h5 15.
h4 Rh6 16. g3 Rc6 17. Be3 Rg6 18. Rhg1 Rc8 19. a4 Kf8 20. Bg5 Ke8 21. Be3 Rd8
22. Bg5 Rc8 23. Rde1 d5 24. Bxf6 gxf6 25. Nxd5 f5 26. Nxe7 Kxe7 27. Bd3 fxe4 28.
Bxe4 f5 29. Bxb7 Rc5 30. Bxa6 Kf6 31. Bd3 Bd5 32. f4 e4 33. Be2 Rh6 34. Rd1 Be6
35. Rd6 Ke7 36. Rb6 Ba2+ 37. Kxa2 Rxb6 38. c3 Rd5 39. Bb5 Rd2 40. Ka3 Kd8 41. b3
Kc7 42. Kb4 e3 43. Re1 e2 44. a5 Re6 45. Bc4 Re3 46. Kb5 Rxc3 47. a6 Rcc2 48. b4
Kb8 49. Bb3 Rb2 50. Bc4 Ka7 51. Kc5 Rdc2 52. b5 Rd2 53. b6+ Rxb6 54. Rxe2 Rxe2
55. Bxe2 Rg6 56. Bxh5 Rxg3 57. Kd5 Rh3 1/2-1/2

[Event "FIDE World Bl Team 5-8th"]
[Site "London ENG"]
[Date "2025.06.15"]
[Round "2.1"]
[White "Harikrishna, Pentala"]
[Black "Le, Quang Liem"]
[Result "1/2-1/2"]
[WhiteTitle "GM"]
[BlackTitle "GM"]
[WhiteElo "2707"]
[BlackElo "2729"]
[WhiteTeam "D1 Team MGD1"]
[BlackTeam "B1 Freedom"]
[WhiteFideId "5007003"]
[BlackFideId "12401137"]
[EventDate "2025.06.15"]
[EventType "team-k.o. (blitz)"]

1. Nf3 d5 2. d4 Nf6 3. c4 e6 4. Nc3 Nbd7 5. Bf4 dxc4 6. e3 Nb6 7. Bxc4 Bd6 8.
Bxd6 cxd6 9. Bd3 Nbd5 10. Nxd5 Nxd5 11. O-O Bd7 12. e4 Ne7 13. Rc1 Qb6 14. Qe2
O-O 15. Rc3 Rac8 16. Rfc1 Rxc3 17. Rxc3 Rc8 18. Rxc8+ Nxc8 19. h4 h6 20. b3 Qa5
21. e5 Bc6 22. Be4 Qc3 23. Bxc6 Qxc6 24. Qc4 Qxc4 25. bxc4 Kf8 26. Kf1 Nb6 27.
Nd2 dxe5 28. dxe5 Ke7 29. Ke2 Nd7 30. f4 f6 31. exf6+ Nxf6 32. Ke3 h5 33. Kd4
Ng4 34. Ne4 Nh6 35. Ng3 g6 36. Ke5 Nf7+ 37. Kd4 Nd6 38. c5 Nb5+ 39. Kc4 Na3+ 40.
Kb3 Nb5 41. Kc4 Na3+ 42. Kb3 Nb5 43. Kc4 1/2-1/2

[Event "FIDE World Bl Team 5-8th"]
[Site "London ENG"]
[Date "2025.06.15"]
[Round "2.1"]
[White "Sarana, Alexey"]
[Black "Anton Guijarro, David"]
[Result "0-1"]
[WhiteTitle "GM"]
[BlackTitle "GM"]
[WhiteElo "2686"]
[BlackElo "2642"]
[WhiteTeam "B1 Freedom"]
[BlackTeam "D1 Team MGD1"]
[WhiteFideId "24133795"]
[BlackFideId "2285525"]
[EventDate "2025.06.15"]
[EventType "team-k.o. (blitz)"]

1. d4 d5 2. c4 e6 3. Nc3 c6 4. e3 Nf6 5. Nf3 Nbd7 6. Qc2 Be7 7. Be2 O-O 8. O-O
b6 9. e4 dxe4 10. Nxe4 Bb7 11. Rd1 h6 12. Bf4 Nxe4 13. Qxe4 Nf6 14. Qc2 Qc8 15.
c5 Nd5 16. Bg3 bxc5 17. dxc5 Ba6 18. Ne5 Bxe2 19. Qxe2 Qb7 20. Rac1 a5 21. Rc4
Bf6 22. b3 Rfe8 23. Ng4 Be7 24. Be5 f5 25. Ne3 Bg5 26. Nc2 Rad8 27. Bd6 e5 28.
h4 Be7 29. Ne3 Bxd6 30. cxd6 Rxd6 31. Nxf5 Nf4 32. Qc2 c5 33. Ne3 Rf6 34. Rxc5
Ref8 35. Rc7 Qb6 36. Rdd7 Rg6 37. Rc8 Rxc8 38. Qxc8+ Kh7 39. Rd8 Rc6 40. h5 Rxc8
41. Rxc8 Qd6 42. g3 Nxh5 43. Rc2 Nf6 44. Kg2 Nd5 45. Nc4 Qe6 46. Re2 e4 47. Re1
Qg4 48. Ne5 Qf5 49. Nc4 Qf3+ 50. Kg1 Nc3 51. Kf1 Qh1# 0-1

[Event "FIDE World Bl Team 5-8th"]
[Site "London ENG"]
[Date "2025.06.15"]
[Round "2.1"]
[White "Pranav, V"]
[Black "Martirosyan, Haik M."]
[Result "1-0"]
[WhiteTitle "GM"]
[BlackTitle "GM"]
[WhiteElo "2595"]
[BlackElo "2635"]
[WhiteTeam "D1 Team MGD1"]
[BlackTeam "B1 Freedom"]
[WhiteFideId "25060783"]
[BlackFideId "13306553"]
[EventDate "2025.06.15"]
[EventType "team-k.o. (blitz)"]

1. e4 e5 2. Nf3 Nc6 3. Bb5 Nf6 4. Nc3 Bd6 5. d3 h6 6. a3 a6 7. Ba4 O-O 8. g4 b5
9. Bb3 Nd4 10. g5 hxg5 11. Bxg5 Nxb3 12. cxb3 Be7 13. Rg1 d6 14. Nh4 c6 15. Qf3
Nh7 16. Bxe7 Qxe7 17. Qg3 Qf6 18. O-O-O a5 19. Ne2 Qh6+ 20. Kc2 Nf6 21. Rg2 Nh5
22. Qf3 g6 23. Rdg1 Kh7 24. Rg5 Ra7 25. Nf5 Bxf5 26. exf5 d5 27. Qe3 Re7 28. f4
e4 29. d4 Rg8 30. Ng3 Nf6 31. fxg6+ fxg6 32. h4 Reg7 33. h5 Nxh5 34. Rh1 Kh8 35.
Nxh5 Rh7 36. Ng3 Qg7 37. Rxh7+ Qxh7 38. f5 gxf5 39. Rh5 1-0

[Event "FIDE World Bl Team 5-8th"]
[Site "London ENG"]
[Date "2025.06.15"]
[Round "2.1"]
[White "Muzychuk, Anna"]
[Black "Tsolakidou, Stavroula"]
[Result "1/2-1/2"]
[WhiteTitle "GM"]
[BlackTitle "IM"]
[WhiteElo "2535"]
[BlackElo "2428"]
[WhiteTeam "B1 Freedom"]
[BlackTeam "D1 Team MGD1"]
[WhiteFideId "14111330"]
[BlackFideId "4264312"]
[EventDate "2025.06.15"]
[EventType "team-k.o. (blitz)"]

1. e4 c5 2. Nf3 d6 3. Bb5+ Nd7 4. c4 Nf6 5. Nc3 a6 6. Bxd7+ Bxd7 7. O-O g6 8. d4
cxd4 9. Nxd4 Bg7 10. b3 O-O 11. a4 Qa5 12. Bb2 Rac8 13. h3 Rfd8 14. Qd3 e6 15.
Rfe1 Nh5 16. Nce2 d5 17. cxd5 exd5 18. e5 Bxe5 19. Nc6 Bxc6 20. Bxe5 d4 21. Ng3
Qd5 22. f3 Nxg3 23. Bxg3 Bd7 24. Re5 Bf5 25. Qd2 Qd7 26. Rae1 d3 27. Bh4 Re8 28.
Bf6 Rxe5 29. Bxe5 Re8 30. Bc3 Rxe1+ 31. Qxe1 f6 32. Qe3 Kf7 33. Kf2 Be6 34. b4
g5 35. a5 Qd5 36. Bd2 Qc4 37. g4 h6 38. Qb6 Qc6 39. Qd8 Qd7 1/2-1/2

[Event "FIDE World Bl Team 5-8th"]
[Site "London ENG"]
[Date "2025.06.15"]
[Round "2.1"]
[White "Atharvaa P Tayade"]
[Black "Mani, Sarbartho"]
[Result "1-0"]
[WhiteElo "1956"]
[BlackElo "1847"]
[WhiteTeam "D1 Team MGD1"]
[BlackTeam "B1 Freedom"]
[WhiteFideId "25042955"]
[BlackFideId "366112022"]
[EventDate "2025.06.15"]
[EventType "team-k.o. (blitz)"]

1. e4 e6 2. d4 d5 3. Nd2 Nf6 4. e5 Nfd7 5. Bd3 c5 6. c3 Nc6 7. Ngf3 cxd4 8. cxd4
Qb6 9. O-O g6 10. Nb3 Bg7 11. Re1 O-O 12. h4 a5 13. a4 Nb4 14. Bb5 Nb8 15. Bg5
N8c6 16. Qd2 Bd7 17. Rac1 Rac8 18. Nc5 Be8 19. Bf6 Nb8 20. Bxe8 Rfxe8 21. Qf4
Bf8 22. h5 N4a6 23. hxg6 fxg6 24. Nd3 Nc6 25. Qh4 Be7 26. Ng5 h5 27. Nxe6 Bb4
28. Ndf4 Kf7 29. Qg5 Rg8 30. Bg7 Ne7 31. Qf6+ Ke8 32. Rxc8+ Nxc8 33. Qxg6+ Kd7
34. Qf7+ Ne7 35. Rc1 Bd2 36. Rd1 Bxf4 37. Nxf4 Nc7 38. Bf6 Re8 39. Ng6 Qe6 40.
Nf8+ Rxf8 41. Qxf8 Nc6 42. Qg7+ Kc8 43. Qh8+ Ne8 44. Qxh5 Nxf6 45. exf6 Qxf6 46.
Qxd5 Qd8 1-0

[Event "FIDE World Bl Team 5-8th"]
[Site "London ENG"]
[Date "2025.06.15"]
[Round "2.2"]
[White "Erigaisi, Arjun"]
[Black "Sevian, Samuel"]
[Result "0-1"]
[WhiteTitle "GM"]
[BlackTitle "GM"]
[WhiteElo "2782"]
[BlackElo "2687"]
[WhiteTeam "D1 Team MGD1"]
[BlackTeam "B1 Freedom"]
[WhiteFideId "35009192"]
[BlackFideId "2040506"]
[EventDate "2025.06.15"]
[EventType "team-k.o. (blitz)"]

1. d4 Nf6 2. c4 e6 3. Nf3 d5 4. e3 a6 5. b3 c5 6. Bb2 cxd4 7. exd4 g6 8. Bd3 Bg7
9. O-O O-O 10. Re1 Nc6 11. c5 b6 12. cxb6 Qxb6 13. Qd2 a5 14. Ne5 Ba6 15. Nxc6
Qxc6 16. Nc3 Rfc8 17. Rac1 Qb7 18. h3 h5 19. Rc2 Rc6 20. Rec1 Bxd3 21. Qxd3 Rac8
22. Na4 Ne4 23. Rxc6 Rxc6 24. Qd1 Qc7 25. Rxc6 Qxc6 26. Ba3 h4 27. Qd3 Qc7 28.
Nc5 Nd6 29. Bb2 Nf5 30. Qd2 e5 31. Nd3 e4 32. Nc1 e3 33. fxe3 Bh6 34. Qd1 Bxe3+
35. Kf1 Qf4+ 36. Qf3 Bxc1 0-1

[Event "FIDE World Bl Team 5-8th"]
[Site "London ENG"]
[Date "2025.06.15"]
[Round "2.2"]
[White "Le, Quang Liem"]
[Black "Harikrishna, Pentala"]
[Result "0-1"]
[WhiteTitle "GM"]
[BlackTitle "GM"]
[WhiteElo "2729"]
[BlackElo "2707"]
[WhiteTeam "B1 Freedom"]
[BlackTeam "D1 Team MGD1"]
[WhiteFideId "12401137"]
[BlackFideId "5007003"]
[EventDate "2025.06.15"]
[EventType "team-k.o. (blitz)"]

1. d4 Nf6 2. c4 e6 3. Nf3 d5 4. Nc3 Bb4 5. Bg5 h6 6. Bxf6 Qxf6 7. Qa4+ Nc6 8. e3
O-O 9. Qb3 Rd8 10. a3 dxc4 11. Bxc4 Bd6 12. Qc2 e5 13. Nd5 Qf5 14. Qxf5 Bxf5 15.
dxe5 Bxe5 16. Ne7+ Nxe7 17. Nxe5 Nd5 18. O-O-O Be6 19. g3 Rd6 20. e4 Nf6 21. Bd3
Ng4 22. Nxg4 Bxg4 23. Rd2 Rad8 24. Kc2 c5 25. b3 b5 26. Kc3 Rd4 27. e5 Kf8 28.
h3 Bf3 29. Re1 c4 30. bxc4 bxc4 31. Be4 Rxd2 0-1

[Event "FIDE World Bl Team 5-8th"]
[Site "London ENG"]
[Date "2025.06.15"]
[Round "2.2"]
[White "Anton Guijarro, David"]
[Black "Sarana, Alexey"]
[Result "0-1"]
[WhiteTitle "GM"]
[BlackTitle "GM"]
[WhiteElo "2642"]
[BlackElo "2686"]
[WhiteTeam "D1 Team MGD1"]
[BlackTeam "B1 Freedom"]
[WhiteFideId "2285525"]
[BlackFideId "24133795"]
[EventDate "2025.06.15"]
[EventType "team-k.o. (blitz)"]

1. c4 e6 2. g3 d5 3. Bg2 Nf6 4. Nf3 Nc6 5. cxd5 exd5 6. d4 Bd6 7. O-O O-O 8. Nc3
h6 9. Bf4 Ne7 10. Be5 Ne8 11. Qb3 c6 12. e4 Bxe5 13. Nxe5 dxe4 14. Rad1 Be6 15.
Qxb7 Nd6 16. Qa6 f6 17. Rfe1 fxe5 18. dxe5 Qc8 19. Qa3 Ndf5 20. Nxe4 Bd5 21. Bh3
Qc7 22. Nc3 Bf3 23. Rd3 Bh5 24. g4 Nh4 25. gxh5 Nf3+ 26. Rxf3 Rxf3 27. Bg4 Rf4
28. h3 Raf8 29. Qd6 Qb6 30. Nd1 Rxf2 31. Kh1 Rf1+ 32. Rxf1 Rxf1+ 0-1